| 000 | 01002nam a2200301 a 4500 | ||
|---|---|---|---|
| 001 | 447 | ||
| 003 | BR-CuiBMT | ||
| 005 | 20231122213750.0 | ||
| 008 | 231106b2015 bab 000 0 por d | ||
| 020 | _a8544204503 | ||
| 040 |
_aBR-CuiBMT _cBR-CuiBMT |
||
| 080 |
_22007 _a342.7 _x(079.1) |
||
| 090 |
_a342.7(079.1) _bG216d |
||
| 100 | 1 | _aGarcia, Bruna Pinotti | |
| 245 | 1 | 0 |
_aDireitos humanos / _cBruna Pinotti Garcia, Rafael de Lazari, Paulo Henrique Gonçalves Portela. |
| 246 | 1 | 4 |
_aRevisaço : _bquestões comentadas e organizadas por assunto |
| 260 |
_aSalvador : _bJusPODIVM, _c2015. |
||
| 300 |
_a281 p. ; _c24 cm |
||
| 490 | 1 | _aRevisaço | |
| 500 | _a"500 questões comentadas, alternativa por alternativa". | ||
| 504 | _aInclui bibliografia. | ||
| 650 |
_aTeoria geral dos Direitos Humanos _xQuestões |
||
| 650 |
_aProteção aos direitos humanos _xQuestões |
||
| 700 | 1 | _aLazari, Rafael de | |
| 700 | 1 | _aPortela, Paulo Henrique Gonçalves | |
| 830 | 0 | _aRevisaço | |
| 942 |
_2udc _cLV |
||
| 999 |
_c447 _d447 |
||